header

Miners' lung (Record no. 124754)

MARC details
000 -LEADER
fixed length control field 01634nam a2200385Ia 4500
082 04 - DEWEY DECIMAL CLASSIFICATION NUMBER
Classification number 363.1196223340941
245 00 - TITLE STATEMENT
Title Miners' lung
260 ## - PUBLICATION, DISTRIBUTION, ETC. (IMPRINT)
Place of publication Aldershot, Hant, England :
Name of publisher Ashgate,
Year of publication c2007.
300 ## - PHYSICAL DESCRIPTION
Number of Pages xviii, 355 p.
490 1# - SERIES STATEMENT
Series statement Studies in labour history
650 #0 - SUBJECT ADDED ENTRY--TOPICAL TERM
Topical Term Lungs
Topical Term Coal miners
Topical Term Coal miners
Topical Term Coal mines and mining
Topical Term Miners' phthisis
700 1# - ADDED ENTRY--PERSONAL NAME
Personal name McIvor, Arthur.
Personal name Johnston, Ronald.
856 40 - ELECTRONIC LOCATION AND ACCESS
Uniform Resource Identifier http://site.ebrary.com/lib/rucke/Doc?id=10211304

No items available.

© 2026 Rongo University
Contact us: librarian | system librarian | Rongo university